00000000nam##2200000za#4500
0019.614020
003CaOODSP
00520230131161134
007ta
008150406|1998||||xxc|||||     f|0| 0 eng|d
020 |a0-660-17144-9
022 |a0068-7626
040 |aCaOODSP|beng
043 |an-cn---
0861 |aM42-497E
1102 |aGeological Survey of Canada.
24510|aGeology of the Archean Nain Province and Paleoproterozoic Torngat Orogen in a transect of the North River--Nutak map areas, Newfoundland (Labrador) and Quebec / |cby Ingo Ermanovics and Martin Van Kranendonk.
260 |aOttawa - Ontario : |bNatural Resources Canada. |c1998.
300 |a156p. : |bfigs., maps, references, tables ; |c28 cm.
4901 |aBulletin|x0068-7626|v497
500 |a"The report, based on 1:100 000 scale bedrock mapping, describes the lithology, structure, metamorphism, geochronology, economic geology, and some geophysical characteristics of the Archean Nain Province in the east and the adjacent, early Proterozoic Torngat orogen of Churchill (Rae) Province in the west."--Abstract.
5203 |aThe report, based on 1:100 000 scale bedrock mapping, describes the lithology, structure, metamorphism, geochronology, economic geology, and some geophysical characteristics of the Archean Nain Province in the east and the adjacent, early Proterozoic Torngat orogen of Churchill (Rae) Province in the west.--Abstract
546 |aRésumés en français
563 |aSoftcover
590 |a98-14|b1998-04-03
7201 |aErmanovics, Ingo
7201 |aVan Kranendonk, Martin
830#0|aBulletin,|x0068-7626|v497|w(CaOODSP)9.514768